000 00564nam a2200193Ia 4500
999 _c1657
_d1657
003 OSt
005 20200930114156.0
008 190216s9999||||xx |||||||||||||| ||und||
020 _a9788181479204
040 _coclc
082 _a612
_bGUY/T
100 _aGuyton, Arthur C
_95192
245 0 _aTextbook Of Medical Physiology /
_cArthur C Guyton ; John E Hall
250 _a11th Ed.
260 _bSaunders Golden Sunburst Series,
_aPhiladelphia:
_c2006.
300 _a1116p
650 _aBotany
942 _cBK
_2ddc
_h612
_iGUY/T
_k612
_mGUY/T